000 00600nam a2200229Ia 4500
003 OSt
005 20220924150458.0
006 a|||||r|||| 00| 0
007 ta
008 220923b |||||||| |||| 00| 0 tel d
024 _a333312
037 _cTextual
040 _aARTS
_cARTS
_btel
041 _2tel
_atel
082 _a035,1NKA,3, K2
100 _aViswanathan Kashi Au.
_9222226
245 0 _aGala gala godari kadali pothunte
260 _c1962
650 _aTELUGU POETRY
942 _h035,1NKA,3, K2
_cTEXL
_2CC
999 _c463510
_d463510